| 000 | 00587nam a2200205 4500 | ||
|---|---|---|---|
| 001 | 121608 | ||
| 003 | ES-MaACL | ||
| 005 | 20230906191801.0 | ||
| 007 | t| | ||
| 008 | 070214s1955 sp r ||||1| spa d | ||
| 100 | 1 |
_aPorta Arqued, Antonio. _993177 |
|
| 245 | 1 | 0 |
_aFabricación del azúcar / _cAntonio Porta Arqued. |
| 250 | _a1ª. ed. | ||
| 260 |
_aBarcelona : _bSalvat, _c1955. |
||
| 300 |
_aXVI, 809 p. : _bil. ; _c22 cm + _e26 Gráf. |
||
| 490 | 1 | _aAgrícola Salvat | |
| 830 | 0 |
_aAgrícola Salvat _9181573 |
|
| 852 |
_aES-MaACL _jC-10284 _bR.38512 |
||
| 999 |
_c121608 _d121608 |
||